00554nam a2200181Ia 4500008004100000082001300041100002200054245003900076250000800115260004500123300001300168500002400181650001500205700002500220942000700245952010300252999001700355230524s9999 xx 000 0 und d a612bHEN aW.R.Hendee924235 0aMedical Imaging Physics (4th edn.) a3RD aNEW DELHIbWiley-Liss(John Willey)c1992 aVIII;885 aQuantity Number: 1 aBiomedical a E.R.Ritenour924236 cBK 00104070aTATCLbTATCLcGENd2023-05-24l0o612 HENp13640r2023-05-24w2023-05-24yBKzBSCP2201 c35738d35738